00531 2200205 4500001002100000005001700021008004100038035002400079040001500103090001500118100001600133245004500149250001100194260002800205300002400233500002700257650001400284850001200298990001500310YOGYA-0209000002199520090227023610.0 ind  0010-020900000021995 aYOPDYOG(B) a310bSup S aSUPRANTO, J aStatistikbteori & aplikasicJ. Supranto aCet. 3 aJakartabErlanggac1983 a...jilbilusc21 cm aYang diterima : Jil. 1 aStatistik aYOPDYOG a06A0015446